Eat more, weigh less : (Record no. 733)

MARC details
000 -LEADER
fixed length control field 00864pam a2200253 a 4500
005 - DATE AND TIME OF LATEST TRANSACTION
control field 20260322212032.0
008 - FIXED-LENGTH DATA ELEMENTS--GENERAL INFORMATION
fixed length control field data
010 ## - LIBRARY OF CONGRESS CONTROL NUMBER
LC control number 92053326
020 ## - INTERNATIONAL STANDARD BOOK NUMBER
International Standard Book Number 0060168382 (cloth) :
Terms of availability {dollar}22.50 ({dollar}27.95 Can.)0
020 ## - INTERNATIONAL STANDARD BOOK NUMBER
International Standard Book Number 9780060168384 (cloth) :
Terms of availability {dollar}22.50 ({dollar}27.95 Can.)0
040 ## - CATALOGING SOURCE
Original cataloging agency DLC
Transcribing agency DLC
Modifying agency DLC
050 00 - LIBRARY OF CONGRESS CALL NUMBER
Classification number RM237.7
Item number .O76 1993
082 00 - DEWEY DECIMAL CLASSIFICATION NUMBER
Classification number 641.5/635
Edition information 20
092 ## - LOCALLY ASSIGNED DEWEY CALL NUMBER (OCLC)
Classification number 641.5 O76 1993
001 - CONTROL NUMBER
control field data
245 00 - TITLE STATEMENT
Title Eat more, weigh less :
Remainder of title Dr. Dean Ornish's life choice program for losing weight safely while eating abundantly /
Statement of responsibility, etc. edited by Dean Ornish.
250 ## - EDITION STATEMENT
Edition statement 1st ed.
260 ## - PUBLICATION, DISTRIBUTION, ETC.
Place of publication, distribution, etc. New York :
Name of publisher, distributor, etc. HarperCollins,
Date of publication, distribution, etc. c1993.
300 ## - PHYSICAL DESCRIPTION
Extent xv, 425 p. ;
Dimensions 25 cm.
504 ## - BIBLIOGRAPHY, ETC. NOTE
Bibliography, etc. note Includes bibliographical references (p. 405-406) and indexes.
650 #0 - SUBJECT ADDED ENTRY--TOPICAL TERM
Topical term or geographic name entry element Low-fat diet
General subdivision Recipes.
650 #0 - SUBJECT ADDED ENTRY--TOPICAL TERM
Topical term or geographic name entry element Reducing diets.
700 1# - ADDED ENTRY--PERSONAL NAME
Personal name Ornish, Dean.
Holdings
Withdrawn status Lost status Damaged status Not for loan Home library Current library Shelving location Date acquired Total checkouts Full call number Barcode Date last seen Price effective from Koha item type
        Riverside Riverside General stacks 22/03/2026   641.5/635 20 BC0010750 22/03/2026 22/03/2026 Books